000 00767nam a2200169Ia 4500
008 090711s9999 xx 000 0 und d
082 _b69964
100 _aदेवरे प्र. अ. / देव मो. रा.
245 _aसखा सोबती कुत्र्यांSो संगोपन संवर्धन
260 _c1992
300 _a118
600 _aदेवरे प्र. अ. / देव मो. रा.
630 _aसखा सोबती कुत्र्यांSो संगोपन संवर्धन
700 _aदेवरे प्र. अ. / देव मो. रा.
730 _aसखा सोबती कुत्र्यांSो संगोपन संवर्धन
942 _cBOOK
999 _c290564
_d290564